Caractéristiques de la Terre - Statistiques

Statistiques générales
  • Ce quiz a été pris 73 fois
  • Le résultat moyen est 9 sur 15
Statistiques - réponses
Question Réponse % Correct
Quelle est la plus grande plaque tectonique? La plaque pacifique
100%
Où se situe la Terre dans la Voie Lactée? Le Bras d'Orion
100%
La Terre est qualifiée de planète ... Tellurique
100%
En partant du Soleil, quelle est la place de la Terre dans le Système Solaire? 3ème
75%
Quel est la circonférence équatoriale de la Terre? 40 075 km
75%
Quel est l'âge approximatif de la Terre? 4,5 milliards d'années
75%
A la surface de la Terre, l'eau représente environ ... 70%
75%
Quel est la valeur de la gravité à la surface de la Terre? 9,8 m/s
50%
Quel est l'élément le plus abondant sur Terre? Le Fer
50%
Comment s'appelait le supercontinent formé au Carbonifère? Pangée
50%
Quelle est la période de rotation approximative de la Terre autour du Soleil? 365,26 jours
25%
Quelle est la distance Terre-Lune 384 400 km
25%
Quel est le point le plus éloigné du centre de la Terre? Le Chimborazo
25%
Dans quel phase de la matière se trouve le noyau interne de la Terre? solide
25%
Quel est le troisième gaz (en volume) de l'atmosphère? Argon
0%
Aucun quiz correspondant
Distribution des résultats
% des personnes avec chaque résultat
Percentile par nombre de réponses
Votre historique - résultats
Vous n’avez pas pris ce quiz